000 00558nam a22001817a 4500
999 _c190609
_d190609
005 20220729155534.0
010 _aENG-134099
020 _c995.00
_a9788193243831
035 _aEN-117631
037 _bDBAD/PUB
082 _a346.017
100 _aFalak,Wajiha
245 _aSurrogacy Law Boon For Childless/
_cby Wajiha Falak
260 _aNew Delhi
_bJawahar Publishers & Distributors
_c2016
270 _a46,Samachar Apartment,Mayur Vihar-I
_bNew Delhi
_e110091
300 _a272p.
_c23cm(Hb)
_bIndex
942 _2ddc
_cEN
_h346.017
_mFAL